000 01132cad a22002535a 4500
001 L153552
008 110804s2011 xxk f 000 0 eng d
035 _a(Sirsi) u153552
041 0 _aeng
110 2 _aThe Property Ombudsman
_95930
245 0 0 _aCode of practice for residential letting agents[electronic resource]
260 _aSalisbury
_bTPO
_c2011
520 _aMandatory code of practice for all members of the Property Ombudsman scheme offering residential lettings or management services. Effective from 1 August 2011.
590 _aKA
650 2 4 _aESTATE AGENTS ACT 1979
650 2 4 _aPROPERTY MISDESCRIPTIONS ACT 1991
650 2 4 _aCONSUMERS, ESTATE AGENTS AND REDRESS ACT 2007
650 2 4 _aCONSUMER PROTECTION FROM UNFAIR TRADING REGULATION 2008
650 2 4 _aCANCELLATION OF CONTRACTS MADE IN A CONSUMER'S HOME OR PLACE OF WORK ETC REGULATIONS 2008
651 4 _aENGLAND AND WALES
690 _aPROPERTY-RESIDENTIAL PROPERTY
856 4 0 _uhttps://www.tpos.co.uk/downloads/Code%20of%20Practice%20for%20Residential%20Letting%20Agents.pdf
_zView the item free of charge at www.tpos.co.uk
942 _n0
999 _c112592
_d112592